Economic aspects of rural areas sustainable development

Problémy rozvoja vidieckych oblastí. Pozícia vidieckeho rozvoja poľnohospodárstva vo vidieckej ekonomike. Problémy výskumu vzájomného vplyvu endogénnych a exogénnych odvetví na vidiecke regióny. Z analýzy je zrejmé, že nepoľnohospodárske dotačné programy podporujúce rozvoj iných odvetví v regióne m...

Descripción completa

Guardado en:
Detalles Bibliográficos
Autor principal: Tvrdoň, Jiří
Formato: Capítulo de libro
Lenguaje:inglés
Materias:
Etiquetas: Agregar Etiqueta
Sin Etiquetas, Sea el primero en etiquetar este registro!

MARC

LEADER 00000naa$a2200000$$$4500
001 0027167
005 20231113141328.3
041 0 |a eng 
044 |a CZ 
245 1 0 |a Economic aspects of rural areas sustainable development  |c Jiří Tvrdoň 
520 |a Problémy rozvoja vidieckych oblastí. Pozícia vidieckeho rozvoja poľnohospodárstva vo vidieckej ekonomike. Problémy výskumu vzájomného vplyvu endogénnych a exogénnych odvetví na vidiecke regióny. Z analýzy je zrejmé, že nepoľnohospodárske dotačné programy podporujúce rozvoj iných odvetví v regióne majú nepriamy vplyv aj na poľnohospodárstvo. 
610 2 0 |a ekonomika regionálna 
610 2 0 |a vidiek 
610 2 0 |a rozvoj hospodársky 
610 2 0 |a rozvoj regionálny 
610 2 0 |a rozvoj trvalo udržateľný 
610 2 0 |a zamestnanosť 
610 2 0 |a vzťahy medziodvetvové 
100 1 |a Tvrdoň, Jiří